000 00358 a2200157 4500
001 191530
020 _a85-305-0126-8
040 _cMagnum
100 _aBandeira, Pedro
240 1 0 _aCidinha e a pulga da cidinha
_lpor
245 1 0 _aCidinha e a pulga da cidinha
300 _a23
362 0 _a1997
697 _aLITERATURA INFANTO-JUVENIL
942 _cBK
999 _c191530
_d191530